Smart grid security : (Record no. 22273)
[ view plain ]
| 000 -LEADER | |
|---|---|
| fixed length control field | 01293cam a22003015a 4500 |
| 001 - CONTROL NUMBER | |
| control field | 11744629 |
| 005 - DATE AND TIME OF LATEST TRANSACTION | |
| control field | 20201128023818.0 |
| 008 - FIXED-LENGTH DATA ELEMENTS--GENERAL INFORMATION | |
| fixed length control field | 150825t2015 ne a frb 001 0 eng d |
| 020 ## - INTERNATIONAL STANDARD BOOK NUMBER | |
| International Standard Book Number | 9780128021224 |
| 040 ## - CATALOGING SOURCE | |
| Original cataloging agency | MiAaPQ |
| Language of cataloging | eng |
| Description conventions | pn |
| Transcribing agency | MiAaPQ |
| Modifying agency | MiAaPQ |
| -- | WaSeSS |
| -- | EG-ScBUE |
| 082 04 - DEWEY DECIMAL CLASSIFICATION NUMBER | |
| Classification number | 621.319 |
| Edition number | 22 |
| Item number | SMA |
| 245 00 - TITLE STATEMENT | |
| Title | Smart grid security : |
| Remainder of title | innovative solutions for a modernized grid / |
| Statement of responsibility, etc | edited by Florian Skopik, Paul Smith. |
| 260 ## - PUBLICATION, DISTRIBUTION, ETC. (IMPRINT) | |
| Place of publication, distribution, etc | Waltham : |
| Name of publisher, distributor, etc | Syngress / Elsevier, |
| Date of publication, distribution, etc | c.2015. |
| 300 ## - PHYSICAL DESCRIPTION | |
| Extent | xiv, 315 p. : |
| Other physical details | ill. ; |
| Dimensions | 24 cm. |
| 490 0# - Series Statement | |
| Series statement | Syngress Advanced Topics in Information Security. |
| 500 ## - GENERAL NOTE | |
| General note | Index : p. 307-315. |
| 504 ## - BIBLIOGRAPHY, ETC. NOTE | |
| Bibliography, etc | Includes bibliographical references. |
| 506 ## - RESTRICTIONS ON ACCESS NOTE | |
| Terms governing access | License restrictions may limit access. |
| 650 #7 - SUBJECT ADDED ENTRY--TOPICAL TERM | |
| Topical term or geographic name as entry element | Smart power grids. |
| Source of heading or term | BUEsh |
| 9 (RLIN) | 40961 |
| 650 #7 - SUBJECT ADDED ENTRY--TOPICAL TERM | |
| Topical term or geographic name as entry element | Computer security. |
| Source of heading or term | BUEsh |
| 9 (RLIN) | 2637 |
| 653 ## - INDEX TERM--UNCONTROLLED | |
| Resource For college | Communication and mass media |
| Arrived date list | August 2016 |
| 700 1# - ADDED ENTRY--PERSONAL NAME | |
| Personal name | Skopik, Florian, |
| Relator term | editor. |
| 700 1# - ADDED ENTRY--PERSONAL NAME | |
| Personal name | Smith, Paul, |
| Relator term | editor. |
| 773 #0 - HOST ITEM ENTRY | |
| Title | Safari Technical Books (Current File) |
| 773 #0 - HOST ITEM ENTRY | |
| Title | eBook - Computer Science 2015 [EBCCS15] |
| 776 08 - ADDITIONAL PHYSICAL FORM ENTRY | |
| Display text | Print version: |
| Title | Smart grid security : innovative solutions for a modernized grid. |
| Place, publisher, and date of publication | Amsterdam, [Netherlands] : Syngress, c2015 |
| Physical description | xiv, 315 pages |
| Series data for related item | Syngress Advanced Topics in Information Security |
| International Standard Book Number | 9780128021224 |
| 942 ## - ADDED ENTRY ELEMENTS (KOHA) | |
| Source of classification or shelving scheme | Dewey Decimal Classification |
| Withdrawn status | Item status | Source of classification or shelving scheme | Damaged status | Not for loan | Vendor | Home library | Current library | Shelving location | Date acquired | Source of acquisition | Cost, normal purchase price | Serial Enumeration / chronology | Total Checkouts | Full call number | Barcode | Date last seen | Cost, replacement price | Koha item type |
|---|---|---|---|---|---|---|---|---|---|---|---|---|---|---|---|---|---|---|
| Dewey Decimal Classification | Baccah | Central Library | Central Library | First floor | 29/08/2016 | Purchase | 1140.00 | 25137 | 621.319 SMA | 000033419 | 15/07/2025 | 1425.00 | Book - Borrowing |